Media effects research : (Record no. 34965)

MARC details
000 -LEADER
fixed length control field 00870nam a22002655a 4500
001 - CONTROL NUMBER
control field 15497769
005 - DATE AND TIME OF LATEST TRANSACTION
control field 20081024153759.0
008 - FIXED-LENGTH DATA ELEMENTS--GENERAL INFORMATION
fixed length control field 081024s2009 mau 000 0 eng
010 ## - LIBRARY OF CONGRESS CONTROL NUMBER
LC control number 2008940347
020 ## - INTERNATIONAL STANDARD BOOK NUMBER
International Standard Book Number 9780495568544
020 ## - INTERNATIONAL STANDARD BOOK NUMBER
International Standard Book Number 0495568546
040 ## - CATALOGING SOURCE
Original cataloging agency DLC
Transcribing agency DLC
050 ## - LIBRARY OF CONGRESS CALL NUMBER
Classification number P91.3
Item number .S63 2008
100 1# - MAIN ENTRY--PERSONAL NAME
Personal name Sparks, Glenn G.
245 10 - TITLE STATEMENT
Title Media effects research :
Remainder of title a basic overivew /
Statement of responsibility, etc Glenn G. Sparks.
250 ## - EDITION STATEMENT
Edition statement 3rd ed.
260 ## - PUBLICATION, DISTRIBUTION, ETC. (IMPRINT)
Place of publication, distribution, etc Boston, MA :
Name of publisher, distributor, etc Wadsworth,
Date of publication, distribution, etc 2009.
263 ## - PROJECTED PUBLICATION DATE
Projected publication date 0901
300 ## - PHYSICAL DESCRIPTION
Extent xix, 265 P. ;
Dimensions 23.5 cm.
500 ## - GENERAL NOTE
General note Includes index
906 ## - LOCAL DATA ELEMENT F, LDF (RLIN)
b ibc
c orignew
d 2
e epcn
f 20
g y-gencatlg
942 ## - ADDED ENTRY ELEMENTS (KOHA)
Source of classification or shelving scheme Library of Congress Classification
Item type Book
Holdings
Withdrawn status Lost status Source of classification or shelving scheme Damaged status Not for loan Collection code Home library Current library Shelving location Date acquired Source of acquisition Total Checkouts Total Renewals Full call number Barcode Date last seen Date last borrowed Price effective from Koha item type
    Library of Congress Classification     Non-fiction Bishop Okullu Memorial Library (Limuru Campus) Bishop Okullu Memorial Library (Limuru Campus) General Circulation 24/07/2009 Purchase 29 3 P91.3 .S63 2008 010332 11/03/2026 24/02/2026 24/07/2009 Book